5-Word Book Title Matchup Quiz Stats

 Plays Quiz Updated Jul 6, 2017

Support Sporcle.
Go Orange.
Score 0/18 Timer 06:00
1 Play Today
% Correct
Charlie
98.7%
Diary
94.1%
A
93.8%
Little
93.3%
A
90.5%
Where
90.5%
The
90%
For
89.8%
The
85.5%
% Correct
One
81.7%
Something
76.8%
The
75.8%
A
75.6%
The
73.5%
Their
71.6%
A
60.5%
Me
46.7%
...And
32.9%

You're not logged in!

Compare scores with friends on all Sporcle quizzes.
OR
Log In
Forgot?

From the Vault

Movie Titles: First Word Same as Last Word

by notaratface

These film titles were created by lazy people. Use different words!
Remove Ads.
Support Sporcle.
Get the best of Sporcle when you Go Orange. This ad-free experience offers more features, more stats, and more fun while also helping to support Sporcle. Thank you for becoming a member.

Show Comments

Extras

Top Quizzes Today


Score Distribution

Your Account Isn't Verified!

In order to create a playlist on Sporcle, you need to verify the email address you used during registration. Go to your Sporcle Settings to finish the process.

Report this User

Report this user for behavior that violates our Community Guidelines.

Details: